header

Komedie Stamboel (Record no. 84026)

MARC details
000 -LEADER
fixed length control field 01643nam a2200373Ia 4500
100 1# - MAIN ENTRY--AUTHOR NAME
Personal name Cohen, Matthew Isaac.
245 10 - TITLE STATEMENT
Title Komedie Stamboel
260 ## - PUBLICATION, DISTRIBUTION, ETC. (IMPRINT)
Place of publication Athens :
Name of publisher Ohio University Press,
Year of publication c2006.
300 ## - PHYSICAL DESCRIPTION
Number of Pages xviii, 473 p.
490 1# - SERIES STATEMENT
Series statement Ohio University research in international studies. Southeast Asia series ;
650 #0 - SUBJECT ADDED ENTRY--TOPICAL TERM
Topical Term Komedi stambul
Topical Term Indonesian drama (Comedy)
Topical Term Theater and society
856 40 - ELECTRONIC LOCATION AND ACCESS
Uniform Resource Identifier http://site.ebrary.com/lib/rucke/Doc?id=10141097

No items available.

© 2026 Rongo University
Contact us: librarian | system librarian | Rongo university